Jaryna /

Պահպանված է:
Մատենագիտական մանրամասներ
Հիմնական հեղինակ: Kraszewski, Józef Ignacy (1812-1887)
Համատեղ հեղինակ: Ludowa Spółdzielnia Wydawnicza
Այլ հեղինակներ: Burkot, Stanisław (1932-2019) (Opracowanie)
Ձևաչափ: Գիրք
Լեզու:լեհերեն
Հրապարակվել է: Warszawa : Ludowa Spółdzielnia Wydawnicza, 1987
Ցուցիչներ: Ավելացրեք ցուցիչ
Չկան պիտակներ, Եղեք առաջինը, ով նշում է այս գրառումը!

MARC

LEADER 00000nam a2200000 i 4500
001 991007382859705066
005 20260515140225.0
008 981023s1987 pl |000 j pol
020 |a 8320538831 
035 |a 991007382859705066 
035 |a (PL-WaBN)b11915845-48omnis_nlop 
035 |a b11915845 
035 |a (OCoLC)830210640 
035 |a zz2004864051 
035 |a (PL)b0000001191584 
035 |a (EXLNZ-48OMNIS_NETWORK)9910266543405606 
040 |a WA N  |c WA N  |d ZDU_1 
080 |a 884-3 
090 |c 47  |d 46 
100 1 |a Kraszewski, Józef Ignacy  |d (1812-1887) 
245 1 0 |a Jaryna /  |c Józef Ignacy Kraszewski ; [przygot. do dr. i przypisami opatrzył Stanisław Burkot]. 
260 |a Warszawa :  |b Ludowa Spółdzielnia Wydawnicza,  |c 1987  |e (Tor. :  |f ZG). 
300 |a 143, [1] s. ;  |c 17 cm. 
500 |a Tekst oparto na wydaniu z 1855 r. 
700 1 |a Burkot, Stanisław  |d (1932-2019)  |e Opracowanie 
710 2 |a Ludowa Spółdzielnia Wydawnicza 
920 |a 83-205-3883-1 zł 200 
942 |c K 
952 |0 0  |1 0  |4 0  |6 R__25_000000000000000  |7 0  |9 45  |a RYT  |b RYT  |d 2026-03-17  |e 1/2026  |g 10.00  |l 0  |o R.25  |p 2000000000251  |r 2026-05-15 14:02:25  |w 2026-05-15  |y BK  |z da 
999 |c 45  |d 45